000 02449cam a22005534i 4500
003 PE-LiUPU
005 20250731183349.0
008 101221s2010 gw a rbc 000 0cger d
020 _a3832193510
020 _a9783832193515
035 _a(Sirsi) i9783832193515
040 _aBTCTA
_bspa
_cBTCTA
_dYDXCP
_dERASA
_dOHX
_dNGA
_dMZA
_dBWX
_dORX
_dDLC
_dOCLCA
_dOCLCQ
_dOCLCF
_dPE-LiUPU
_erda
041 0 _ager
_aeng
050 4 _aND588.N6
_bA4 2010
082 0 4 _a759.3
_bN77
_222
100 1 _aNolde, Emil,
_d1867-1956,
_eautor.
245 1 0 _aEmil Nolde, Emil Schumacher :
_bverwandte Seelen = kindred spirits /
_c[Herausgeber, Manfred Reuther, Ulrich Schumacher, Alexander Klar].
246 1 4 _aNolde/Schumacher
264 _a[Berlin] :
_bNolde Stiftung Seebüll ;
_aHagen :
_bEmil Schumacher Museum ;
_aKöln :
_bDuMont,
_c[2010]
300 _a140 páginas :
_bilustraciones ;
_c30 centímetros
336 _atext
_2rdacontent
337 _aunmediated
_2rdamedia
338 _avolume
_2rdacarrier
504 _aBibliografía : página 140.
526 _aP158
526 _aP146
526 _aP17
526 _aP12
526 _aP06
541 _g003-001196;
600 1 0 _aNolde, Emil,
_d1867-1956
_vExposiciones.
600 1 0 _aSchumacher, Emil,
_d1912-1999
_vExposiciones.
600 1 7 _aNolde, Emil,
_d1867-1956.
_2fast
_0(OCoLC)fst00046056
600 1 7 _aSchumacher, Emil,
_d1912-1999.
_2fast
_0(OCoLC)fst00084014
655 7 _aCatálogos de exposiciones.
_2fast
_0(OCoLC)fst01424028
700 1 _aKlar, Alexander.
700 1 _aReuther, Manfred,
_d1944-
700 1 _aSchumacher, Emil,
_d1912-1999.
700 1 _aSchumacher, Ulrich,
_d1941-
710 2 _aEmil Schumacher Museum.
710 2 _aStiftung Seebüll Ada und Emil Nolde.
_bDependance Berlin.
856 4 1 _3Tabla de contenido
_uhttp://bvbr.bib-bvb.de:8991/F?func=service&doc_library=BVB01&doc_number=021155834&line_number=0001&func_code=DB_RECORDS&service_type=MEDIA
910 _ajck
_bebj
_cebj
_d20160628
942 _2ddc
_cBOOK
949 _a759.3 N77
_wDEWEY
_c1
_i73809
_lCATALOGING
_mBUL
_p31.05
_r0
_sY
_tBOOK
_u28/06/16
_xINGENIERIA
_PP06
_o.STAFF. Colección General
_0compra
994 _aC0
_bPEPRU
596 _a1
999 _a759.3 N77
_wDEWEY
_c10254
_i73809
_d10254
_f2021-11-10
_g7
_lCCODEBUL1
_mBUL
_p31.05
_q1
_r0
_sY
_tBOOK
_u2016-6-28
_xINGENIERIA
_PP06
_0COMPRA
_o.STAFF. Colección General
980 _81
_gALBERTO SANCHEZ Responsable de Automatización